000 00462nab a2200145Ia 4500
003 ES-SlBCS
005 20210601131746.0
008 140529s1929 xxu||||| |||| 00| 0 fre d
041 _afre
100 1 _aPhilalèthes, les
_9188553
245 0 0 _aSur quelques hommes de lettres et sur plusieurs de leurs fantasies
_c Les Philalèthes
650 0 4 _aLiteratos
_9170359
773 0 _tVie Intelectuelle (La)
_gvol. 4, nº. 3, 1929, págs. 321-347
_wRev907
942 _cAR
999 _c568303
_d568303